El aumento de la productividad (Registro nro. 28783)

Detalles MARC
000 -LEADER
fixed length control field 00303 a2200109 4500
001 - CONTROL NUMBER
control field ART_24966
005 - DATE AND TIME OF LATEST TRANSACTION
control field 20260410161933.0
008 - FIXED-LENGTH DATA ELEMENTS--GENERAL INFORMATION
fixed length control field 260409a
100 1# - MAIN ENTRY--PERSONAL NAME
Personal name Wainer, Pedro H.
245 10 - TITLE STATEMENT
Title El aumento de la productividad
773 0# - HOST ITEM ENTRY
Title Informe
Related parts - Año II, Nº 7 (ene. 1970)
Record control number REV23765

No hay ítems disponibles.